00378 a2200109 4500001001000000005001700010008004100027245012300068100001800191773004200209999001700251ART_5560520260410161634.0260409a 10aProyecto N° 45 de resolución técnica "Normas contables profesionales. Norma unificada argentina de contabilidad".1 aSuardi, Diana0 tEnfoquesg- N° 3 (mar. 2022)wREV416 c12731d12731